000 00574cam a2200193 4500
008 000000n1999 000 0 eng u
020 _a1860813119
035 _a(Sirsi) u100422
041 _aENG
050 _a690.0285
110 _aBuilding Centre Trust
_93162
245 _aElectronic exchange of project information: 3COM project, phase 2.
260 _aLondon
_bCRC Ltd
_c1999
300 _a8p. ; 30cm.
490 _aIT Case Study
_v1
690 _aMANAGEMENT-BUSINESS MANAGEMENT-INFORMATION MANAGEMENT
710 _aBuilding Research Establishment
942 _n0
999 _c99705
_d99705